Hollow Knight Journal Entries - Statistics

General Stats
  • This quiz has been taken 160 times
  • The average score is 57 of 168
Answer Stats
Forgotten Crossroads % Correct
Vengefly
79%
False Knight
77%
Tiktik
74%
Gruz Mother
71%
Vengefly King
67%
Crawlid
63%
Gruzzer
62%
Mantis Lords
62%
Hornet
60%
Uumuu
59%
Hive Knight
57%
Massive Moss Charger
56%
Moss Charger
55%
Aspid Mother
52%
Broken Vessel
52%
Radiance
52%
Brooding Mawlek
51%
Dung Defender
51%
Leaping Husk
51%
Nosk
51%
Flukemarm
50%
Husk Bully
50%
Hollow Knight
49%
Markoth
49%
Soul Master
49%
Aspid Hatchling
48%
Galien
48%
Primal Aspid
48%
Soul Warrior
48%
Traitor Lord
48%
Wandering Husk
48%
Crystal Guardian
46%
Grimm
46%
Aspid Hunter
45%
Gorb
45%
Marmu
45%
Mosskin
45%
Husk Guard
44%
Moss Knight
44%
Elder Hu
43%
Watcher Knight
43%
Xero
43%
Zote
43%
Baldur
41%
Mantis Warrior
41%
Nightmare King Grimm
41%
No Eyes
41%
Pure Vessel
41%
Husk Sentry
40%
Maggot
40%
Obble
40%
Squit
40%
Elder Baldur
39%
Goam
39%
Husk Hornhead
39%
Uoma
39%
White Defender
39%
Belfly
38%
Collector
38%
Husk Warrior
38%
Mistake
38%
Soul Twister
38%
Charged Lumafly
37%
Menderbug
37%
Mosscreep
37%
Oblobbles
37%
Ooma
37%
Schade
35%
Flukemunga
34%
Furious Vengefly
34%
God Tamer
34%
Gorgeous Husk
34%
Mantis Petra
34%
Mantis Youth
34%
Mossfly
34%
Sibling
34%
Winged Sentry
34%
Flukemon
33%
Fool Eater
33%
Grey Prince Zote
33%
Hiveling
33%
Hopper
33%
Lifeseed
33%
Mawlurk
33%
Crystal Hunter
32%
Pilflip
32%
Shrumal Warrior
32%
Stalking Devout
32%
Entombed Husk
30%
Great Hopper
30%
Grub Mimic
30%
Hive Guardian
30%
Husk Miner
30%
Little Weaver
30%
Mantis Traitor
30%
Shrumal Ogre
30%
Great Husk Sentry
29%
Hive Soldier
29%
Lance Sentry
29%
Volatile Mosskin
29%
Boofly
28%
Cowardly Husk
28%
Durandoo
28%
Paintmaster Sheo
28%
Deepling
27%
Flukefey
27%
Fungling
27%
Shrumeling
27%
Volatile Gruzzer
27%
Aluba
26%
Ambloom
26%
Fungoon
26%
Garpede
26%
Gluttonous Husk
26%
Gulka
26%
Husk Dandy
26%
Slobbering Husk
26%
Sporg
26%
Deephunter
24%
Heavy Sentry
24%
Hwurmp
24%
Lesser Mawlek
24%
Mossy Vagabond
24%
Shadow Creeper
24%
Void Tendrils
24%
Durandaa
23%
Hunter's Mark
23%
Loodle
23%
Violent Husk
23%
Void Idol
23%
Winged Fool
23%
Armoured Squit
22%
Corpse Creeper
22%
Crystalized Husk
22%
Dirtcarver
22%
Fungified Husk
22%
Great Nailsage Sly
22%
Heavy Fool
22%
Husk Hive
22%
Seal of Binding
22%
Weathered Mask
22%
Carver Hatcher
21%
Glimback
21%
Kingsmould
21%
Maskfly
21%
Shardmite
21%
Crystal Crawler
20%
Grimmkin Master
20%
Infected Baloon
20%
Sharp Baldur
20%
Shielded Fool
20%
Battle Obble
18%
Bluggsac
18%
Grimmkin Nightmare
18%
Grimmkin Novice
18%
Lightseed
18%
Wingmould
18%
Death Loodle
17%
Nailmaster's Oro & Mato
17%
Volt Twister
17%
Spiny Husk
15%
Sturdy Fool
15%
Fooly
13%
Pale Lurker
13%
Winged Zoteling
13%
Volatile Zoteling
12%
Hopping Zoteling
11%
Royal Retainer
7%
No matching quizzes found
Score Distribution
Percent of People with Each Score
Percentile by Number Answered
Your Score History
You have not taken this quiz